| 000 | 00833nam a2200229Ia 4500 | ||
|---|---|---|---|
| 003 | GCL | ||
| 008 | 140319s9999 xx 000 0 ara d | ||
| 040 |
_aGCL / _cGCL |
||
| 082 | 0 | 4 |
_a658.4 _bف م |
| 100 | 1 | _aفؤاد عبدالمنعم احمد | |
| 245 | 1 | 0 |
_aمبادئ الادارة العامة والنظام الادارى فى الاسلام مع بيان التطبيق فى المملكة العربية السعودية / _cفؤاد عبدالمنعم احمد |
| 260 |
_aالقاهرة : _bمؤسسة شباب الجامعة ، _c1191 |
||
| 300 | _a189 ص | ||
| 490 | _a | ||
| 650 | 0 | 4 | _aالسعودية |
| 650 | 0 | 4 | _aالادارة |
| 650 | 0 | 4 | _aالاسلام والاقتصاد |
| 650 | 0 | 4 | _aالتنظيم |
| 650 | 0 | 4 | _aالقيادة الادارية |
| 650 | 0 | 4 | _aالاداريون |
| 942 |
_2ddc _cBK |
||
| 999 |
_c32510 _d32510 |
||